000 00669nam a2200241 i 4500
001 000047933
003 DO-SdBNP
005 20240228142033.0
007 ta
008 181004s1900 dr r 000 0 spa d
040 _aDO-SdBNP
_bspa
_cBNPHU
_erda
082 _bC767n
_222
100 1 _aMora Serrano, Manuel,
_c1933-
_95162
245 1 0 _aNoticia /
_cPedro Rene Contin Aybar
264 _a[sin lugar] :
_b[sin editora],
_c[sin fecha].
300 _a114 paginas ;
_c23 cm.
336 _2rdacontent
_atexto
_btxt
337 _2rdamedia
_asin mediación
_bn
338 _2rdacarrier
_avolumen
_bnc
590 _aInventariado, 2023/DG
910 _aDG
942 _2ddc
_cLBS1
999 _c54349
_d54349